Guess the Footballers by their Career Paths #2 - Statistics

General Stats
  • This quiz has been taken 291 times
  • The average score is 8 of 10
Answer Stats
Players Clubs % Correct
Cristiano Ronaldo
98%
Lionel Messi
98%
Zlatan Ibrahimovic
94%
Thierry Henry
87%
Paolo Maldini | Franco Baresi
84%
Steven Gerrard
82%
Kaká
76%
Iker Casillas
68%
Petr Čech
55%
Ruud Gullit
44%
No matching quizzes found
Score Distribution
Percent of People with Each Score
Percentile by Number Answered
Your Score History
You have not taken this quiz